Love Letters of a Rookie to Julie

Saved in:
Bibliographic Details
Main Author: Stone, Barney
Other Authors: Ross, Gordon, 1873-1946 (Illustrator)
Format: Electronic eBook
Language:English
Published: Project Gutenberg, 2005
Series:Project Gutenberg 15544
Subjects:
Online Access:http://www.gutenberg.org/etext/15544
Rights
Tags: Add Tag
No Tags, Be the first to tag this record!
Call Number :PN

MARC

LEADER 00000cam a22000003a 4500
001 63927
003 MY-KLNDU
005 20241219025158.0
008 210402s2005||||xxu|||||s|||||000 i eng d
035 |a (PGUSA)15544 
039 9 |y 202104021538  |z VLOAD 
040 |a PGUSA  |b eng 
042 |a dc 
050 4 |a PN 
100 1 |a Stone, Barney 
245 1 0 |a Love Letters of a Rookie to Julie  |h [electronic resource] /  |c by Barney Stone; illustrated by Gordon, 1873-1946 Ross 
260 |b Project Gutenberg,  |c 2005 
500 |a Project Gutenberg 
506 |a Freely available. 
516 |a Electronic text 
599 |a Dummy Record 
653 0 |a World War, 1914-1918 -- Anecdotes 
700 1 |a Ross, Gordon, 1873-1946,  |e Illustrator 
830 0 |a Project Gutenberg  |v 15544 
856 4 0 |u http://www.gutenberg.org/etext/15544 
856 4 2 |u http://www.gutenberg.org/license  |3 Rights 
999 |a vtls000075641  |c 63927  |d 63927